| 000 | 01567cam a22004577a 4500 | ||
|---|---|---|---|
| 942 | _cBK | ||
| 999 |
_c157 _d157 |
||
| 001 | 16481219 | ||
| 003 | OSt | ||
| 005 | 20250420134758.0 | ||
| 008 | 100928t20112010nyua b 001 0 eng d | ||
| 010 | _a 2010938208 | ||
| 020 | _a9780465023820 (set : hardback) | ||
| 020 | _a0465023827 (set : hardback) | ||
| 020 | _a9780465024148 | ||
| 020 | _a9780465024162 | ||
| 020 | _a9780465024179 | ||
| 035 | _a(OCoLC)ocn671704374 | ||
| 040 |
_aBTCTA _beng _cKCST _dYDXCP |
||
| 042 | _alccopycat | ||
| 050 | 0 | 0 |
_aQC23 _b.F47 2011 |
| 082 |
_a530 _bFe Fe |
||
| 100 | 1 |
_aFeynman, Richard P. _q(Richard Phillips), _d1918-1988. _9609 |
|
| 245 | 1 | 4 |
_aThe Feynman lectures on physics / _cFeynman, Leighton, Sands. |
| 246 | 3 | 0 | _aLectures on physics |
| 250 | _aNew millennium ed. | ||
| 260 |
_aNew York : _bBasic Books, _c[2011], c2010. |
||
| 300 |
_a3 v. : _bill. ; _c29 cm. |
||
| 500 | _aOriginally published 1963-1965. | ||
| 500 | _aNew edition features improved typography, figures and tables, expanded indexes, and 885 new corrections. | ||
| 504 | _aIncludes bibliographical references and indexes. | ||
| 505 | 0 | _av. 1. Mainly mechanics, radiation, and heat -- v. 2. Mainly electromagnetism and matter -- v. 3. Quantum mechanics. | |
| 650 | 0 |
_aPhysics. _93 |
|
| 650 | 0 |
_aMechanics. _9610 |
|
| 650 | 0 |
_aRadiation. _9611 |
|
| 650 | 0 |
_aThermodynamics. _9612 |
|
| 650 | 0 |
_aElectromagnetism. _9613 |
|
| 650 | 0 |
_aQuantum theory. _9358 |
|
| 700 | 1 |
_aLeighton, Robert B. _9614 |
|
| 700 | 1 |
_aSands, Matthew L. _q(Matthew Linzee) _9615 |
|
| 942 | _2ddc | ||